000 00828cam a2200265 a 4500
001 000014457
005 20200929163844.0
008 931118s1989 sp b 000 0 spa d
020 _a8420625949
035 _a(DLC) 91112487
035 _a(OCoLC)23134577
040 _aDO-SdBNP
_bspa
_cBNPHU
_dTxU
_dDLC
050 0 4 _aHM133
_b.M35 1989
082 _a305.2
_bM333g
100 1 _aMarías, Julián,
_q(Julián Marías Aguilera),
_d1914-2005.
_932633
245 1 0 _aGeneraciones y constelaciones /
_cJulián Marías.
260 _aMadrid :
_bAlianza,
_cc1989.
300 _a283 p. ;
_c20 cm.
490 1 _aAlianza universidad
_v594
504 _aIncluye bibligorafía: (p. 279-283).
650 0 _aGenerations.
_932634
830 0 _aAlianza universidad ;
_v594
_932127
910 _aCatalogación por copia / LC
049 _aBNGR
999 _c14046
_d14046